[Event "WC-2019-S-00002"]
[Site "LSS email"]
[Date "2019.08.28"]
[Round "?"]
[White "Pascual Perez, Norge"]
[Black "Tinture, Laurent"]
[Result "1/2-1/2"]
[WhiteElo "2450"]
[BlackElo "2354"]
[PlyCount "107"]
[EventDate "2019.09.01"]
[EventType "tourn (corr)"]
[EventRounds "12"]
[EventCountry "GER"]
[SourceTitle "Corr 2024"]
[Source "ChessBase"]
[SourceDate "2023.10.19"]
[SourceVersion "1"]
[SourceVersionDate "2023.10.19"]
[SourceQuality "1"]

1. d4 d5 2. c4 e6 3. Nc3 c6 4. e4 dxe4 5. Nxe4 Bb4+ 6. Bd2 Qxd4 7. Bxb4 Qxe4+ 8. Be2 Na6 9. Ba5 Bd7 10. Nf3 Nf6 11. 0-0 Qf5 12. Qe1 0-0 13. Bc3 Rfd8 14. Ne5 Be8 15. f4 Nc5 16. Rf3 h5 17. b4 Na4 18. Bd3 Rxd3 19. Nxd3 Ne4 20. Bd4 c5 21. Bxc5 Naxc5 22. bxc5 Nxc5 23. Qe5 Qxe5 24. Nxe5 Rd8 25. Ra3 a6 26. Nf3 Bc6 27. Kf2 Kf8 28. Ra5 b6 29. Ra3 Be4 30. Ke3 Ke7 31. Rc1 a5 32. Rac3 g6 33. Re1 Rd7 34. g3 Rd8 35. Rg1 Bxf3 36. Kxf3 Rd2 37. Rg2 Rd4 38. Ke3 Re4+ 39. Kf3 Rd4 40. Re2 Kd6 41. Rcc2 Rd3+ 42. Kg2 Kc6 43. Red2 Re3 44. Re2 Rd3 45. Red2 Re3 46. Rd8 h4 47. Rc8+ Kd7 48. Rb8 Kc7 49. Rh8 hxg3 50. hxg3 Ne4 51. Rh7 Rxg3+ 52. Kh2 Rc3 53. Rxf7+ Kc6 54. Rxc3 1/2-1/2

[Event "WC-2019-S-00002"]
[Site "LSS email"]
[Date "2019.08.28"]
[Round "?"]
[White "Perez, Brigiliano"]
[Black "Tinture, Laurent"]
[Result "1/2-1/2"]
[WhiteElo "2525"]
[BlackElo "2354"]
[PlyCount "78"]
[EventDate "2019.09.01"]
[EventType "tourn (corr)"]
[EventRounds "12"]
[EventCountry "GER"]
[SourceTitle "Corr 2024"]
[Source "ChessBase"]
[SourceDate "2023.10.19"]
[SourceVersion "1"]
[SourceVersionDate "2023.10.19"]
[SourceQuality "1"]

1. e4 c5 2. Nf3 Nc6 3. d4 cxd4 4. Nxd4 Nf6 5. Nc3 e5 6. Ndb5 d6 7. Bg5 a6 8. Na3 b5 9. Nd5 Be7 10. Bxf6 Bxf6 11. c4 b4 12. Nc2 a5 13. g3 0-0 14. Bg2 g6 15. 0-0 Bg7 16. Qd3 Be6 17. b3 Qb8 18. Nde3 a4 19. Rad1 Rd8 20. Kh1 Ra7 21. f4 axb3 22. axb3 exf4 23. gxf4 Ra2 24. f5 Bd7 25. Ne1 Ne5 26. Qb1 Ra6 27. N1c2 Bc6 28. Nd4 Qb6 29. Nxc6 Nxc6 30. Nd5 Qa7 31. e5 dxe5 32. Qe4 Nd4 33. Nxb4 Rad6 34. Ra1 Qe7 35. c5 R6d7 36. Nc6 Nxc6 37. Qxc6 Qg5 38. b4 Rd4 39. Ra8 Bf8 1/2-1/2

[Event "WC-2019-S-00002"]
[Site "LSS email"]
[Date "2019.08.28"]
[Round "?"]
[White "Wosch, Arkadiusz"]
[Black "Tinture, Laurent"]
[Result "1/2-1/2"]
[WhiteElo "2391"]
[BlackElo "2354"]
[PlyCount "49"]
[EventDate "2019.09.01"]
[EventType "tourn (corr)"]
[EventRounds "12"]
[EventCountry "GER"]
[SourceTitle "Corr 2024"]
[Source "ChessBase"]
[SourceDate "2023.10.19"]
[SourceVersion "1"]
[SourceVersionDate "2023.10.19"]
[SourceQuality "1"]

1. e4 c5 2. Nf3 Nc6 3. d4 cxd4 4. Nxd4 Nf6 5. Nc3 e5 6. Ndb5 d6 7. Bg5 a6 8. Na3 b5 9. Bxf6 gxf6 10. Nd5 f5 11. g3 fxe4 12. Bg2 Be6 13. Bxe4 Bg7 14. Qh5 Rc8 15. Rd1 Ne7 16. 0-0 Nxd5 17. Bxd5 0-0 18. c3 Rc5 19. Bxe6 fxe6 20. Qg4 Qe7 21. Nc2 Kh8 22. Qe2 a5 23. f3 Qc7 24. Rf2 Qb8 25. Ne1 1/2-1/2

[Event "WC-2018-T-00001"]
[Site "LSS email"]
[Date "2018.06.12"]
[Round "?"]
[White "Kovacs, Arthur"]
[Black "Tinture, Laurent"]
[Result "1/2-1/2"]
[WhiteElo "2482"]
[BlackElo "2348"]
[PlyCount "82"]
[EventDate "2018.06.19"]
[EventType "tourn (corr)"]
[EventRounds "10"]
[EventCountry "GER"]
[SourceTitle "Corr 2022"]
[Source "ChessBase"]
[SourceDate "2021.10.24"]
[SourceVersion "1"]
[SourceVersionDate "2021.10.24"]
[SourceQuality "1"]

1. d4 Nf6 2. Nf3 e6 3. c4 d5 4. Nc3 c6 5. Bg5 dxc4 6. e4 b5 7. e5 h6 8. Bh4 g5 9. Nxg5 hxg5 10. Bxg5 Nbd7 11. g3 Bb7 12. Bg2 Qb6 13. exf6 0-0-0 14. 0-0 c5 15. d5 b4 16. Na4 Qb5 17. a3 Nb8 18. axb4 cxb4 19. Qg4 Bxd5 20. Rfc1 Nc6 21. Bxd5 Rxd5 22. Rxc4 Rxg5 23. Qd4 Kb8 24. Rxc6 Rxg3+ 25. fxg3 Qxc6 26. Rd1 Qc7 27. b3 Kc8 28. Qe3 Kb8 29. Qd2 Bc5+ 30. Nxc5 Qxc5+ 31. Qd4 Qc3 32. Qxc3 bxc3 33. Rc1 Rc8 34. Kf2 Rc5 35. Ke3 Kc7 36. g4 Kd6 37. h4 Ke5 38. g5 Kf5 39. Kd3 Kg4 40. b4 Rc8 41. Rxc3 Rd8+ 1/2-1/2

[Event "WC-2018-T-00001"]
[Site "LSS email"]
[Date "2018.06.12"]
[Round "?"]
[White "Pascual Perez, Norge"]
[Black "Tinture, Laurent"]
[Result "1/2-1/2"]
[WhiteElo "2436"]
[BlackElo "2348"]
[PlyCount "85"]
[EventDate "2018.06.19"]
[EventType "tourn (corr)"]
[EventRounds "10"]
[EventCountry "GER"]
[SourceTitle "Corr 2022"]
[Source "ChessBase"]
[SourceDate "2021.10.24"]
[SourceVersion "1"]
[SourceVersionDate "2021.10.24"]
[SourceQuality "1"]

1. e4 c5 2. Nf3 Nc6 3. d4 cxd4 4. Nxd4 Nf6 5. Nc3 e5 6. Ndb5 d6 7. Bg5 a6 8. Na3 b5 9. Nd5 Be7 10. Bxf6 Bxf6 11. c3 Bg5 12. Nc2 Rb8 13. Be2 0-0 14. 0-0 a5 15. b4 axb4 16. Ncxb4 Nxb4 17. cxb4 Bd7 18. Qd3 Kh8 19. Nc3 Rb6 20. Rfd1 Qb8 21. Nd5 Rb7 22. Ne3 Rb6 23. Nd5 Rb7 24. a3 g6 25. Qg3 Bd8 26. Rac1 f5 27. exf5 gxf5 28. f4 Be6 29. Kh1 Rg7 30. Qd3 Rfg8 31. Bf1 Qa8 32. Rc3 Bf7 33. Rc2 Bh5 34. Re1 Bf7 35. Rd1 exf4 36. Nxf4 Bg5 37. Nd5 f4 38. Ra2 Bh4 39. Qd4 Qd8 40. Qxf4 Rf8 41. Qd4 Qg5 42. Bxb5 Qh6 43. Kg1 1/2-1/2

[Event "WC-2018-T-00001"]
[Site "LSS email"]
[Date "2018.06.12"]
[Round "?"]
[White "Tinture, Laurent"]
[Black "Markus, Roland"]
[Result "1/2-1/2"]
[WhiteElo "2348"]
[BlackElo "2371"]
[PlyCount "82"]
[EventDate "2018.06.19"]
[EventType "tourn (corr)"]
[EventRounds "10"]
[EventCountry "GER"]
[SourceTitle "Corr 2022"]
[Source "ChessBase"]
[SourceDate "2021.10.24"]
[SourceVersion "1"]
[SourceVersionDate "2021.10.24"]
[SourceQuality "1"]

1. d4 Nf6 2. c4 e6 3. Nc3 d5 4. cxd5 exd5 5. Bg5 c6 6. e3 Be7 7. Bd3 0-0 8. Qc2 Nbd7 9. Nge2 Re8 10. 0-0 Nf8 11. f3 g6 12. Rad1 Ne6 13. Bh4 b5 14. Rfe1 a5 15. Nc1 Qc7 16. Bf1 Ba6 17. Nd3 b4 18. Na4 Nd7 19. Bxe7 Rxe7 20. b3 Bb5 21. Nab2 Ree8 22. Qf2 Rac8 23. Rd2 Qd6 24. Rc2 Qe7 25. Rec1 h5 26. Qd2 Rcd8 27. Nd1 Kg7 28. N1f2 Nc7 29. Re1 Rc8 30. Nc5 Nxc5 31. Rxc5 Ne6 32. Rc2 Kg8 33. Rec1 Nc7 34. Nd1 Qe6 35. Rc5 Na6 36. R5c2 Nc7 37. Bxb5 Nxb5 38. Rc5 f5 39. f4 Re7 40. h3 Kg7 41. Kh2 Kh7 1/2-1/2